[Event "27th 4NCL Congress Open 2022"]
[Site "Harrogate"]
[Date "2022.01.23"]
[Round "4.24"]
[White "Bayford, Jim R"]
[Black "De Sousa Muachikape, Jael"]
[Result "1-0"]
[WhiteElo "2023"]
[BlackElo "1841"]
[Annotator "TA"]
[PlyCount "68"]
[EventDate "2022.01.21"]
[EventType "swiss"]
[EventCountry "ENG"]
[SourceTitle "playchess.com"]
[Source "ChessBase"]
[SourceQuality "1"]

{[%evp 13,67,-8,0,-14,0,-4,-7,-4,0,0,4,2,1,-2,8,5,7,0,0,0,-6,-17,36,-16,-24,-31,21,22,23,0,124,-20,-26,-38,55,-144,-143,-146,-4,-118,-110,-134,-94,-132,-7,-72,-42,-64,-63,-70,-64,-99,-91,-5289,-5265,-29999]} 1. e4 c6 2. d4 d5 3. exd5 cxd5 4. Nf3 Nf6 5. Bb5+ Bd7 6. Bxd7+ Nbxd7 7. O-O e6 8. Bg5 {B13: Caro-Kann: Exchange Variation and Panov-Botvinnik Attack.} Be7 9. c3 O-O 10. Nbd2 {The position is equal.} Rc8 {[#]} 11. Nb3 $146 ({Predecessor:} 11. Re1 b5 12. a3 a5 13. Ne5 Nxe5 14. Rxe5 Nd7 15. Bxe7 Qxe7 16. Re3 b4 17. axb4 axb4 {0-1 (60) Numatsi,Y (1650)-Ephoevi Ga,A (1833) Lome 2016}) 11... Ne4 12. Bxe7 Qxe7 13. Nbd2 Ndf6 14. Nxe4 Nxe4 15. Nd2 Nxd2 16. Qxd2 b5 17. Rae1 b4 ({Black should try} 17... Qf6 $11) 18. f4 (18. cxb4 $14 Rc4 19. a3) 18... bxc3 $11 19. bxc3 g6 (19... Qf6 $15) 20. f5 $1 {aiming for f6.} Qa3 ({Don't play} 20... gxf5 21. Rxf5 $1 Kh8 22. Rxd5 $1 $16) 21. f6 {White wants to mate with Qh6.} Kh8 (21... Qxc3 $2 22. Qh6 Qxd4+ 23. Rf2 Qxf6 24. Rxf6 $18) (21... Rfe8 $11) 22. Qh6 {White is more active.} (22. Re3 $16 {Rh3 would kill now.} Rfe8 23. c4) 22... Rg8 23. Re3 {[%cal Oh6h7] White threatens Qxh7+! and mate.} Qf8 ({Better is} 23... Rxc3 $15 24. Rxe6 fxe6) 24. Rh3 $2 (24. Qg5 $1 $14 {stays ahead.} h6 {[#]} 25. Rb1 $1) 24... Qxh6 $17 25. Rxh6 {[%mdl 4096] Endgame Threatens to win with Rf3. KRR-KRR} g5 (25... Rxc3 $17 {Hoping for ...a5.} 26. Rh3 Rc7) 26. Rh3 (26. Rc1 $11) 26... Rg6 27. Re3 Kg8 28. h3 Kf8 (28... h5 $17 {Threatening ...Kh7.} 29. Ref3 Rb8) 29. Kh2 (29. Ref3 $1 $11 {keeps the balance.}) 29... Ke8 30. Kg3 Kd7 31. Ref3 Rb8 32. Kg4 h5+ 33. Kxh5 $2 {[%mdl 8192]} (33. Kg3 $17) 33... g4 $1 $19 {( -> ...Rh8#)} 34. hxg4 Rh8# {[%mdl 32768] Weighted Error Value: White=0.75/Black=0.40. Loss on time!?} 1-0

[Event "27th 4NCL Congress Open 2022"]
[Site "Harrogate"]
[Date "2022.01.23"]
[Round "5.2"]
[White "Wells, Peter K"]
[Black "Willow, Jonah B"]
[Result "1/2-1/2"]
[WhiteElo "2382"]
[BlackElo "2381"]
[Annotator "TA"]
[PlyCount "105"]
[EventDate "2022.01.21"]
[EventType "swiss"]
[EventCountry "ENG"]
[SourceTitle "playchess.com"]
[Source "ChessBase"]
[SourceQuality "1"]

{[%evp 17,105,16,19,12,20,0,0,-2,42,26,84,59,88,75,71,82,90,92,68,4,0,13,4,8,4,0,19,-7,0,-8,0,0,0,-51,-17,-57,-70,-70,-64,-116,-77,-227,-179,-324,-187,-174,-93,-171,-191,-158,-161,-123,-73,-80,0,0,0,-165,-157,-127,0,-26,0,0,0,0,0,0,0,0,0,0,0,0,0,0,0,0,262,0,0,0,0,0,0,0,0,-28000,-28000,-28000]} 1. d4 Nf6 2. c4 e6 3. Nf3 d5 4. Nc3 dxc4 5. Bg5 Bb4 6. e4 h6 7. Bxf6 Qxf6 8. Bxc4 O-O 9. O-O c5 10. e5 {D39: Queen's Gambit Declined: Ragozin Defence with 5 Bg5 dxc4.} Qd8 11. Ne4 {Black must now prevent a3.} cxd4 12. Rc1 {The position is equal.} Nc6 (12... Bd7 $11 {should be considered.}) 13. Qe2 $14 {[%mdl 1024] [#] White has compensation.} Qe7 $146 (13... Bd7 $11) ({Predecessor:} 13... Bd7 14. Rfd1 Rc8 15. a3 Be7 16. b4 Qb6 17. Bd3 a6 18. Nc5 Bxc5 19. Qe4 g6 20. Rxc5 {0-1 (55) Shishkin,V (2457)-Czerwonski,A (2376) Police 2017}) 14. Bd3 {White is much more active. Black has bad knights.} Rd8 15. a3 Ba5 16. Ng3 Bc7 17. Qe4 {Intending Qh7+ and mate.} g6 18. Nh5 Nxe5 19. Nxe5 Bxe5 20. Qxe5 {[%csl Gh5][%cal Re5g7]} gxh5 21. Qxh5 Qg5 22. Qe2 Bd7 23. f4 $1 (23. Qe4 Bc6 24. Qh7+ Kf8 $17) 23... Qf6 (23... Qg7 24. Rf3 Qf6 25. Rg3+ Kf8 26. Qd2 $14 (26. Qg4 Rac8 $17)) 24. Rc5 Rac8 25. Re5 (25. Rh5 $11) 25... b6 26. f5 Rc5 $1 27. Rxc5 bxc5 28. Qc2 ({Better is} 28. fxe6 $15 Qxe6 29. Qf2) 28... Qe5 29. f6 (29. Qd2 $17) 29... Bc6 30. b4 {[#]} (30. Qf2 {was worth a try.}) 30... cxb4 $1 31. axb4 $19 (31. Qxc6 Qe3+) 31... Ba4 32. Bh7+ (32. Qc4 $17 Qe3+ 33. Rf2) 32... Kh8 33. Qxa4 Kxh7 34. Qxa7 {[%mdl 4096] Endgame KQR-KQR} Kg8 ({Black should try} 34... Kg6 {Threatens to win with ...Qe3+.} 35. h3 d3) 35. Qe7 {[#]} Qd6 (35... Qd5 $1 $17) 36. Rd1 $11 e5 37. Kf2 $2 (37. Rc1 $11) 37... Qxe7 38. fxe7 $19 {[#] KR-KR} Re8 (38... Rb8 $1 $17 {aiming for ...f6.} 39. b5 f6 40. e8=Q+ Rxe8) 39. Kf3 f5 40. g4 e4+ 41. Kf2 (41. Kf4 $2 e3 42. Re1 (42. gxf5 $2 Rxe7 43. Rg1+ Kf7 $19) (42. Rxd4 $2 e2 $19) 42... Rxe7 $19) 41... f4 {And now ...d3 would win.} 42. Rxd4 Rxe7 43. Ke2 Kg7 44. b5 Kf6 45. h4 ({Of course not} 45. Rd6+ Ke5 46. Rd8 (46. Rxh6 $2 Ra7 $19) 46... Ra7 47. Re8+ Kd4 48. Rd8+ Kc5 $19) 45... Ke5 46. Rb4 Rd7 {Strongly threatening ...f3+.} 47. b6 f3+ $2 {[%mdl 8192]} (47... Rb7 $11 {and Black is okay.}) 48. Ke1 $4 {[%mdl 8192]} (48. Ke3 $18 Rd3+ 49. Kf2 Rd2+ 50. Kg3 (50. Kf1 e3 $19)) 48... Rb7 (48... e3 $5 49. b7 f2+ 50. Ke2 Rd2+ 51. Kxe3 f1=N+ 52. Kf3 Nh2+ 53. Kg3 Nf1+ 54. Kf3 Nh2+ 55. Kg3 Nf1+ 56. Kf3 $11) 49. Kf2 Kf4 50. g5 hxg5 51. hxg5 Kxg5 52. Rxe4 Rxb6 53. Kxf3 {[%mdl 32768] Weighted Error Value: White=0.36/Black=0.29 (precise) . An unexpected result.} 1/2-1/2

[Event "27th 4NCL Congress Open 2022"]
[Site "Harrogate"]
[Date "2022.01.23"]
[Round "5.3"]
[White "Clarke, Brandon G I"]
[Black "Makkar, Rajat"]
[Result "1-0"]
[WhiteElo "2430"]
[BlackElo "2260"]
[Annotator "TA"]
[PlyCount "85"]
[EventDate "2022.01.21"]
[EventType "swiss"]
[EventCountry "ENG"]
[SourceTitle "playchess.com"]
[Source "ChessBase"]
[SourceQuality "1"]

{[%evp 13,85,12,18,41,33,0,5,12,10,8,8,0,16,0,7,0,0,0,7,11,-5,-3,15,22,16,0,0,0,0,0,0,0,0,0,0,0,170,159,169,155,160,86,248,248,235,232,737,738,660,182,181,166,187,173,193,-27,282,-54,273,263,12844,12844,12845,12843,12844,12843,12843,12843,12847,12844,12848,12848,29995,29996]} 1. e4 c6 {[%cal Bc7c6,Bc6c5][%mdl 32]} 2. d4 d5 3. e5 Bf5 4. Nf3 e6 5. Be2 c5 6. Be3 Qb6 7. Nc3 Nc6 (7... Qxb2 8. Nb5 $16) 8. O-O {aiming for dxc5. B12: Caro-Kann: Advance Variation.} Qxb2 9. Qe1 (9. Nb5 $5 {[%cal Rb5c7]} Rc8 10. c4 $16) 9... cxd4 (9... Bxc2 10. dxc5 Bg6 11. a3 $16) 10. Bxd4 {The position is equal.} Nxd4 (10... Qxc2 $2 11. Rc1 Qb2 12. Nxd5 $1 {[%mdl 512]} Qxc1 13. Nc7+ Kd7 14. Qxc1 $18) (10... Bxc2 $2 11. Nb5 Nxd4 12. Nfxd4 $18) 11. Nxd4 {[%cal Bf3d4,Bd4b5,Bb5d6][%mdl 32]} Bb4 12. Ndb5 Ba5 $1 (12... Bxc2 13. Qd2 Bxc3 14. Nxc3 $16) 13. Rb1 Qxc2 14. Rb3 Ne7 15. Bd1 Qc1 16. Nd6+ $1 Kf8 17. Nxb7 {Pair of Knights!} Bb6 18. Na4 {[#]} g5 $146 ({Predecessor:} 18... Qc7 19. Nd6 Bg6 20. Qb4 Kg8 21. Nxb6 axb6 22. Rc3 Qd8 23. Ba4 h5 24. Rfc1 Kh7 {½-½ (40) Caruana,F (2770)-Postny,E (2651) Achaia 2012}) 19. Nd6 {[%cal Od6f7]} Bg6 20. h4 gxh4 21. Qb4 Qh6 22. Bg4 Qg5 23. Nxb6 axb6 24. Bh3 $1 Qxe5 (24... Kg7 $11 {and Black stays safe.}) 25. f4 $1 $18 Qf6 26. f5 $1 exf5 27. Nxf5 {Black must now prevent Nd4.} Bxf5 (27... Qg5 $16) 28. Rxf5 Qc6 {...Ra4 is the strong threat.} 29. Rc3 {[%cal Bb3c3,Bc3f3,Bf3f4][%mdl 32]} Qe6 (29... Ra4 30. Qxe7+ Kxe7 31. Rxc6 Rd8 32. Rxb6 Rxa2 33. Rb7+ Kd6 34. Rbxf7 Ra1+ 35. Kh2 Re8) 30. Rcf3 {Strongly threatening Rf6.} Rxa2 31. Rf6 $2 (31. Rxf7+ Qxf7 32. Rxf7+ Kxf7 33. Qf4+ Kg8 34. Qb8+ Kf7 35. Qxh8) 31... Ra1+ 32. Kh2 $1 Qe5+ {[#]} 33. R3f4 $1 {The board is on fire.} Kg8 {And now ...Ng6 would win.} 34. Be6 $2 {[#]} Ng6 $2 {[%mdl 8192]} (34... fxe6 {is a self mate.} 35. Qxe7) (34... Qe3 $1 $11 35. Rxh4 Qg1+ 36. Kh3 Qh1+ 37. Kg3 Qe1+ 38. Qxe1 Rxe1 39. Rg4+ Ng6 40. Bxf7+ (40. Bxd5 Re5 $15) 40... Kg7) 35. Bxf7+ Kg7 36. Bxg6 {[%cal Ob4b6]} hxg6 $2 (36... Rf1) 37. Qxb6 Qg5 {[#]} 38. Rxg6+ $3 {[%mdl 512]} Qxg6 39. Qd4+ Kg8 40. Qxd5+ ({Stronger than} 40. Rg4 Ra6 $11) 40... Kg7 41. Qd7+ Kg8 42. Qd8+ Kg7 43. Qe7+ {Weighted Error Value: White=0.42/Black=0.56} 1-0

[Event "27th 4NCL Congress Open 2022"]
[Site "Harrogate"]
[Date "2022.01.23"]
[Round "5.4"]
[White "Onslow, Alfie"]
[Black "Hunt, Harriet V"]
[Result "1-0"]
[WhiteElo "2038"]
[BlackElo "2413"]
[Annotator "TA"]
[PlyCount "59"]
[EventDate "2022.01.21"]
[EventType "swiss"]
[EventCountry "ENG"]
[SourceTitle "playchess.com"]
[Source "ChessBase"]
[SourceQuality "1"]

{[%evp 11,59,14,14,0,8,10,17,7,18,0,36,16,22,21,135,17,105,108,131,124,276,263,321,321,316,317,328,327,320,316,321,317,561,561,521,468,648,641,694,691,679,635,640,593,830,808,966,957,855,848]} 1. e4 c6 2. d4 d5 3. e5 Bf5 4. h4 h5 5. Bd3 Bxd3 6. Qxd3 e6 {6...Qa5+ injects fresh life into this line.} 7. Bg5 {B12: Caro-Kann: Advance Variation.} Be7 8. Nf3 Nh6 9. Nbd2 {The position is equal.} Nf5 10. c4 Qa5 {[#]} 11. O-O $146 ({Predecessor:} 11. Bxe7 Kxe7 12. O-O Nd7 13. a4 Qb4 14. a5 Rhd8 15. Qc2 b5 16. b3 Rab8 17. Rfc1 {½-½ (29) Jurcik,M (2501)-Pechac,J (2455) Senica 2017}) 11... Bxg5 12. hxg5 {[%cal Og5g6]} Qa6 (12... O-O $11) 13. Qc3 (13. g6 $1 $16 {Ng5 is the strong threat.} fxg6 14. Ng5) 13... dxc4 (13... O-O $1 $11 {keeps the balance.}) 14. g6 $36 {[%mdl 2048] White is on the roll.} (14. Qxc4 $6 Qxc4 15. Nxc4 Na6 $11) 14... fxg6 15. Ng5 (15. Qxc4 Qxc4 16. Nxc4 Na6 $15) (15. Nxc4 $6 O-O $11) 15... c5 $2 (15... b5 $16) 16. dxc5 $18 Nd7 17. Nxc4 O-O 18. Nd6 Nxd6 19. exd6 ({But not} 19. cxd6 $6 Rac8 20. Qe3 Qb6 21. Qxb6 (21. Nxe6 Qxe3 22. fxe3 Rxf1+ 23. Rxf1 Re8 $11) 21... axb6 $18) 19... Rae8 20. Rfe1 Rf6 21. b4 {[%cal Bb2b4,Bb4b5,Bb5c6][%mdl 32] [#] And now Qb3 would win.} Qc6 $2 (21... Qa4 22. Qc4 Nf8) 22. Qb3 {White is clearly winning.} Nf8 23. Rad1 Kh8 24. Ne4 Rf4 {[#]} 25. b5 $1 Qd7 26. Rc1 Rc8 27. Qc4 e5 28. c6 bxc6 29. bxc6 Qg4 30. d7 {Black did not feel at home in the position after the opening.  Weighted Error Value: White=0.23 (precise) /Black=0.50} 1-0

[Event "27th 4NCL Congress Open 2022"]
[Site "Harrogate"]
[Date "2022.01.23"]
[Round "5.5"]
[White "Bradbury, Neil H"]
[Black "Smith, Andrew Philip"]
[Result "0-1"]
[WhiteElo "2241"]
[BlackElo "2112"]
[Annotator "TA"]
[PlyCount "56"]
[EventDate "2022.01.21"]
[EventType "swiss"]
[EventCountry "ENG"]
[SourceTitle "playchess.com"]
[Source "ChessBase"]
[SourceQuality "1"]

{[%evp 17,56,42,43,18,16,25,12,25,18,26,0,-16,-18,-19,14,30,29,0,18,0,0,-7,6,-14,70,-14,71,-225,0,0,0,0,477,-975,-954,-951,-943,-29992,-29993,-29995,-29996]} 1. d4 Nf6 2. c4 c5 3. d5 e6 4. Nc3 exd5 5. cxd5 d6 6. e4 g6 7. Nf3 {[%cal Bg1f3,Bf3d2,Bd2c4][%mdl 32]} Bg7 8. Bg5 {8.h3 gains popularity.} h6 9. Bh4 a6 10. a4 {A71: Modern Benoni: 6 e4 g6 7 Nf3 Bg7 8 Bg5 without Be2.} (10. e5 dxe5 11. Nxe5 O-O $15) 10... g5 11. Bg3 Nh5 12. Nd2 {The position is equal.} Nxg3 13. hxg3 Nd7 14. Nc4 Ne5 15. Ne3 Qe7 16. Be2 Bd7 {[%cal Oh6h5]} 17. O-O O-O 18. Qc2 {[#]} g4 $146 ({Predecessor:} 18... Rfe8 19. Rfe1 Ng6 20. Nf5 Bxf5 21. exf5 Ne5 22. Ne4 Rab8 23. Kf1 b5 24. axb5 axb5 {1-0 (49) Danner,G-Romero Briones,A ICCF corr 1973}) 19. a5 h5 20. Na4 h4 (20... f5 $11) 21. gxh4 (21. Nb6 $14) 21... Qxh4 (21... f5 $1 $11 {remains equal.} 22. exf5 (22. Nb6 f4 $11) 22... Qxh4) 22. Ra3 $2 {[%mdl 8192]} (22. Nb6 $1 $16 {[%cal Rb6d7] is forced if you want to stay better.}) 22... Nf3+ $2 23. Bxf3 $11 (23. gxf3 $2 Be5 24. f4 Bxf4 25. Nxg4 Bxg4 $19) 23... gxf3 $40 {[%mdl 128] Black has some attack.} 24. Nb6 Bb5 {[%mdl 8192]} (24... Be5 $2 25. g3 Qh3 26. Nxd7 $16 (26. Nxa8 Rxa8 27. Rc1 Bd4 $19)) (24... Bh3 $1 $11 {and Black is okay.}) 25. Nxa8 $4 {[%mdl 8192]} (25. g3 $2 Qh3 26. e5 Bxf1 $19) (25. Nf5 $18 fxg2 26. Kxg2 Bxf1+ 27. Kg1) 25... Be5 $1 $19 {[%csl Ge5][%cal Rh4h2] A strong pair of Bishops.} ({Not} 25... Rxa8 26. Nf5 (26. g3 $2 Qh3 $19) 26... fxg2 27. Kxg2 Bxf1+ 28. Kg1 $16) (25... Bxf1 26. Nxf1 fxg2 27. Kxg2 $1 (27. Ng3 Rxa8 28. Rb3 Be5 $11) 27... Rxa8 28. Rg3 $14) 26. g3 {[#]} Qh3 $1 27. Re1 f5 28. exf5 Kf7 {Weighted Error Value: White=0.96/Black=0.45} 0-1

[Event "27th 4NCL Congress Open 2022"]
[Site "Harrogate"]
[Date "2022.01.23"]
[Round "5.6"]
[White "Jones, Steven A"]
[Black "Wilks, Simon"]
[Result "1/2-1/2"]
[WhiteElo "2212"]
[BlackElo "2092"]
[Annotator "TA"]
[PlyCount "35"]
[EventDate "2022.01.21"]
[EventType "swiss"]
[EventCountry "ENG"]
[SourceTitle "playchess.com"]
[Source "ChessBase"]
[SourceQuality "1"]

{[%evp 13,35,12,20,10,14,6,31,18,17,7,22,5,5,0,16,0,0,0,0,0,0,0,0,2]} 1. e4 e6 2. d4 d5 3. exd5 exd5 4. Nf3 Nf6 5. Bd3 Bg4 6. O-O Be7 7. Re1 O-O 8. c3 {C01: French: Exchange Variation.} Re8 9. h3 Bh5 10. Bf4 {[#] White is slightly better.} Bd6 $146 {The position is equal.} ({Predecessor:} 10... Nbd7 11. Nbd2 c6 12. Qb3 Qb6 13. Ne5 Qxb3 14. Nxb3 Nxe5 15. Bxe5 Bd8 16. Bxf6 Bxf6 {½-½ (26) Goihl,M-Dambravaite,A (2139) Halle 2000}) 11. Rxe8+ Nxe8 12. Bxd6 (12. Be3 {with more complications.} Nd7 13. Nbd2 c6 14. Qb3 Qc7 15. Nh4) 12... Nxd6 13. Nbd2 c6 14. Qe2 Nd7 15. Re1 {[%cal Ba1e1,Be1e7,Be7e8][%mdl 32]} Nf8 16. Qe7 Qxe7 17. Rxe7 Re8 18. Rxe8 {A balanced but interesting game.  Weighted Error Value: White=0.08 (flawless) /Black=0.04 (flawless)} 1/2-1/2

[Event "27th 4NCL Congress Open 2022"]
[Site "Harrogate"]
[Date "2022.01.23"]
[Round "5.7"]
[White "Sedykh, Mikhail"]
[Black "Sowray, Peter J"]
[Result "1-0"]
[WhiteElo "2122"]
[BlackElo "2239"]
[Annotator "TA"]
[PlyCount "131"]
[EventDate "2022.01.21"]
[EventType "swiss"]
[EventCountry "ENG"]
[SourceTitle "playchess.com"]
[Source "ChessBase"]
[SourceQuality "1"]

{[%evp 18,131,10,0,14,15,60,43,67,33,28,31,45,10,30,0,16,11,55,18,39,28,59,27,65,32,29,26,74,26,45,45,118,74,166,158,183,172,244,241,255,251,243,254,280,165,193,185,158,128,210,212,201,216,464,427,443,432,428,380,347,0,427,0,354,264,276,279,543,510,501,492,493,289,256,263,495,493,614,606,585,554,681,677,755,752,740,740,752,750,729,696,820,587,753,719,694,0,713,687,775,786,803,798,797,760,772,662,654,637,854,846,803,654,891,850]} 1. d4 d5 2. c4 e6 3. Nc3 Nf6 4. cxd5 exd5 5. Bg5 c6 6. e3 Bd6 7. Qc2 O-O 8. Bd3 h6 9. Bh4 Re8 10. Nf3 a5 {D35: Queen's Gambit Declined: Exchange Variation.} 11. O-O Na6 (11... Bg4 $11 {should be considered.}) 12. a3 $14 Nc7 {[#] White is slightly better.} 13. Rfe1 $146 ({Predecessor:} 13. Rab1 Bg4 14. Nd2 Bd7 15. Bg3 Bxg3 {½-½ (15) Matsuura,E (2433)-Santiago,Y (2486) Florianopolis 2020}) 13... Bg4 14. Nd2 Bd7 {[%cal Od6h2]} 15. f3 Ne6 16. Nf1 (16. Bh7+ $5 Kh8 17. Bf5 $11) 16... Ng5 17. Kh1 Bf8 (17... Ne6 $11) 18. Rad1 (18. f4 $5 {[%cal Rf4g5]} Ne6 19. Nd2 $14) 18... Qb6 19. Bf2 c5 20. Qd2 Bc6 21. Bb1 Rad8 22. Ng3 Qc7 (22... cxd4 $11 23. exd4 g6) 23. h4 (23. dxc5 $16 {White wants to play h4.} Bxc5 24. Nf5) 23... Ne6 24. Qc2 {[%cal Og3h5]} g6 {Inhibits Nh5.} (24... Bd6 $1 $14 25. Nf5 cxd4 26. exd4 Rc8) 25. h5 $1 $16 g5 (25... cxd4 $16 {was called for.} 26. exd4 g5) 26. Nf5 $1 $18 {And now Bg3 would win.} cxd4 {[#]} 27. Bg3 $1 {[%cal Bf2g3,Bg3e5,Be5d4,Bd4c3][%mdl 32]} Qd7 {[#]} (27... Qc8 $142) (27... d3 28. Rxd3) 28. Be5 $1 d3 29. Rxd3 (29. Qxd3 $2 Nc5 $1 30. Bxf6 (30. Qd4 $2 Nb3 $19) 30... Nxd3 $19) 29... Nc5 {[#]} 30. Rxd5 {[%mdl 512]} Qe6 {[#]} (30... Bxd5 $2 31. Bxf6 Be4 32. Nxe4 $18) (30... Rxe5 31. Rxe5) 31. Rxd8 (31. Rxc5 Bxc5 32. Bc7 (32. Nxh6+ Kf8 $14) 32... Nxh5 $16) (31. Nxh6+ $142 $1 {[%mdl 512]} Bxh6 32. Rxc5) 31... Rxd8 {[#]} 32. Bd4 $36 {[%mdl 2048] White has strong initiative.} a4 33. Ne2 Nb3 {[#]} (33... Nce4 $16) 34. Bc3 $1 Na1 35. Qc1 {Strongly threatening Ned4.} Nxh5 $2 (35... Nb3 {keeps fighting.} 36. Ned4 Nxc1 37. Nxe6 fxe6) 36. b4 Nb3 37. Qc2 {[%cal Of5e7] Intending Ne7+! and mate.} Qg6 38. Qb2 {[%cal Of5e7] Threatens to win with Ne7+!} Qe6 39. Qc2 {[%cal Of5e7] White threatens Ne7+! and mate.} Qg6 $1 40. Qb2 Qe6 {Prevents Ne7+.} 41. Ned4 Nxd4 42. Nxd4 (42. exd4 Qb3 $14) (42. Bxd4 Rd5 $14) 42... Qd7 (42... Qd6 43. Qc2 Qg6 44. Qxg6+ fxg6 45. Nxc6 (45. Bxg6 Be8 $18) 45... bxc6 46. Bxg6 Nf6) 43. Qc2 {[%csl Gb1][%cal Rc2h7]} f5 44. Nxc6 bxc6 45. Ba2+ (45. g4 $142) 45... Kh7 46. g4 $1 ({Don't play} 46. Qxa4 $6 Bg7 47. Bxg7 Kxg7 $16) 46... Ng7 (46... Qd3 47. Bb1 Qxc2 48. Bxc2 Bg7) 47. Bb1 {e4 is the strong threat.} Qd5 48. e4 fxe4 49. Qxa4 Qc4 50. Bxe4+ Kh8 51. Qxc6 Qxc6 52. Bxc6 {This bishop pair is nice.} Rd3 53. Rc1 Kg8 54. Be4 Re3 55. Kg1 Re2 56. Kf1 Rh2 57. Kg1 Re2 $1 58. Bd3 {White is clearly winning.} Re3 59. Bc4+ Kh7 60. Kf2 Re8 61. a4 Rc8 62. Bd3+ Kg8 63. b5 Ba3 64. Rc2 Ne6 65. Bf5 Bc5+ 66. Kf1 {Weighted Error Value: White=0.45/Black=0.43} 1-0

[Event "27th 4NCL Congress Open 2022"]
[Site "Harrogate"]
[Date "2022.01.23"]
[Round "5.8"]
[White "Longson, Sarah N"]
[Black "Townsend, M Paul"]
[Result "0-1"]
[WhiteElo "2036"]
[BlackElo "2159"]
[Annotator "TA"]
[PlyCount "80"]
[EventDate "2022.01.21"]
[EventType "swiss"]
[EventCountry "ENG"]
[SourceTitle "playchess.com"]
[Source "ChessBase"]
[SourceQuality "1"]

{[%evp 13,80,-9,0,0,10,9,5,-12,-24,-23,-16,-29,-40,-91,0,-21,-25,-25,0,0,0,-14,0,0,0,-25,-10,-3,65,0,45,45,44,24,28,20,20,28,34,19,392,83,272,279,250,-383,-379,-385,-362,-420,-416,-720,-8,-8,-8,-8,-10,-405,-364,-6103,-6323,-5214,-5157,-29985,-1793,-1521,-1416,-29997,-1045]} 1. e4 e6 2. d4 d5 3. Nc3 Bb4 4. exd5 exd5 5. Bd3 Nf6 6. Bg5 O-O 7. Nge2 c6 8. O-O {C01: French: Exchange Variation.} Nbd7 {[%cal Bb8d7,Bd7c5,Bc5e6,Be6d4][%mdl 32]} 9. Ng3 Re8 10. Qf3 {The position is equal.} h6 11. Bf4 {[#]} Nc5 $146 ({Predecessor:} 11... Nf8 12. Be5 Ng4 13. Bxg7 Kxg7 14. Nh5+ Kh8 15. h3 f5 16. Bxf5 Nf6 17. Bxc8 Nxh5 18. Bxb7 {½-½ (27) Mesropov,K (2422)-Salgado Lopez,I (2605) Moscow 2019}) 12. Bf5 {Inhibits Bg4.} (12. dxc5 Bg4) 12... Ne6 13. Be5 (13. Bxe6 $15 Bxe6 14. a3) 13... Bd6 (13... Nd7 $17) 14. Rfe1 Bxe5 (14... Bf8 {feels hotter.} 15. Bxe6 Rxe6 16. h3 Nd7 17. Bf4 Qf6) 15. dxe5 {[#]} Nd4 $1 16. Qd3 Nxf5 17. exf6 Rxe1+ 18. Rxe1 g6 19. Nxf5 Bxf5 20. Qd4 Qb6 (20... Bxc2 $11 21. h3 b6) 21. Qd2 ({White should try} 21. Qf4 $14 Kh7 22. Re7) 21... Kh7 (21... Qd8 $11) 22. Re7 Rf8 23. b3 (23. Na4 $5 {[%cal Ra4b6]} Qa6 24. Qb4 $14) 23... Qb4 24. h3 a5 25. g4 Bc8 26. Kg2 {[%cal Oa2a3]} Qd6 $2 {[%mdl 8192] [#]} (26... a4 $1 $11) 27. Qd4 $2 (27. Ne4 $1 $18 {[%cal Re4d6][%mdl 512] is the precise move to win.} Qa3 28. Nc3) 27... c5 $2 {[#]} (27... g5 $16 {might work better.}) 28. Ne4 $1 $18 {[%mdl 512]} Qc6 29. Ng5+ $4 {[%mdl 8192]} hxg5 $19 30. Qe5 d4+ 31. f3 Kh6 {...b6 is the strong threat.} 32. h4 (32. Rc7 $142 Qe6 33. Rxc5 Qxe5 34. Rxe5) 32... Bxg4 $2 ({Better is} 32... gxh4 $19 33. Rc7 Qe6 34. Rxc5 Qxe5 35. Rxe5 Be6) 33. Qxg5+ $11 Kh7 34. Qxg4 Qxf6 35. Rxb7 {[%mdl 12288] Endgame KQR-KQR} (35. Qg5 $11 Kg7 36. Rxb7) 35... Re8 $19 36. Qg5 $2 (36. h5 g5 37. Qd7 Re2+ 38. Kg1) 36... Re2+ 37. Kg3 {[#]} Qd6+ $1 38. f4 Qe6 (38... Qc6 $142 39. Rxf7+ Kg8 40. Rg7+ Kxg7 41. Qe5+ Rxe5 42. fxe5 Qe4 43. b4 Qxc2 44. e6 cxb4 45. e7 Qc7+ 46. Kh3 Qxe7 47. Kg4 d3 48. Kg3 d2 49. h5 Qe3+ 50. Kh2 gxh5 51. Kg2 d1=Q 52. Kh2 Qdg1#) 39. f5 Qe5+ 40. Kf3 Qe4+ {Weighted Error Value: White=1.24/Black=0.71} 0-1